[Event "HZ Chess Tournament 2022"]
[Site "Vlissingen, Netherlands"]
[Date "2022.08.06"]
[Round "1.38"]
[White "Tabak, Stefan"]
[Black "Mellegers, Maarten"]
[Result "1-0"]
[WhiteElo "2166"]
[BlackElo "1772"]
[PlyCount "67"]

1. e4 c5 2. Nc3 Nc6 3. g3 d6 4. Bg2 Nf6 5. d3 e6 6. f4 Be7 7. Nf3 O-O 8. O-O a6
9. a4 Qc7 10. Kh1 Bd7 11. Be3 Ng4 12. Bg1 Nf6 13. Qd2 Rad8 14. h3 h5 15. Rae1
Rfe8 16. e5 Nd5 17. exd6 Bxd6 18. Ne4 Nce7 19. Qf2 Bxa4 20. b3 Bc6 21. Nxd6
Qxd6 22. Qxc5 Nf5 23. Kh2 Nxg3 24. Kxg3 Qxf4+ 25. Kf2 h4 26. Bh2 Qf5 27. Kg1
Qg6 28. Qf2 f5 29. Nxh4 Qg5 30. Nf3 Qh5 31. Qh4 Qg6 32. Qg5 Qf7 33. Ne5 Qf8 34.
Kh1 1-0

[Event "HZ Chess Tournament 2022"]
[Site "Vlissingen, Netherlands"]
[Date "2022.08.06"]
[Round "1.39"]
[White "Moors, Marc"]
[Black "Tiggelman, Rene"]
[Result "0-1"]
[WhiteElo "1767"]
[BlackElo "2165"]
[PlyCount "56"]

1. d4 e6 2. Nf3 f5 3. g3 Nf6 4. Bg2 d5 5. c4 c6 6. Nbd2 Bd6 7. O-O O-O 8. Qc2
Qe7 9. a3 a5 10. b3 b6 11. Bb2 Bb7 12. Ne5 Na6 13. Rfc1 Rac8 14. Nd3 Ne4 15.
Nf3 c5 16. Qd1 dxc4 17. bxc4 Rfd8 18. Qb3 Bc7 19. e3 Qe8 20. Re1 a4 21. Qc2 b5
22. dxc5 Ba5 23. Rec1 Naxc5 24. Nxc5 Nxc5 25. Rd1 Be4 26. Rxd8 Rxd8 27. Qe2 Bd3
28. Qd1 Nb3 0-1

[Event "HZ Chess Tournament 2022"]
[Site "Vlissingen, Netherlands"]
[Date "2022.08.06"]
[Round "1.40"]
[White "Bui, Bao Anh Le"]
[Black "Van de Griend, Johan"]
[Result "1-0"]
[WhiteElo "2159"]
[BlackElo "1762"]
[PlyCount "55"]

1. e4 e5 2. Nf3 Nc6 3. Bc4 Nf6 4. d3 Bc5 5. c3 O-O 6. Bb3 d6 7. Nbd2 a6 8. h3
d5 9. Qe2 Re8 10. Nf1 h6 11. Ng3 Be6 12. O-O dxe4 13. dxe4 Qe7 14. Nh4 Bxb3 15.
axb3 Rad8 16. b4 Bb6 17. Qf3 Qe6 18. Ngf5 Kh7 19. g4 g5 20. Ng2 Rg8 21. h4 gxh4
22. Nxh6 Nxg4 23. Nxg8 Rxg8 24. Qh3 Qf6 25. Be3 Bxe3 26. fxe3 Qg5 27. Rxf7+ Kh6
28. Rf5 1-0

[Event "HZ Chess Tournament 2022"]
[Site "Vlissingen, Netherlands"]
[Date "2022.08.06"]
[Round "1.41"]
[White "De Feijter, David"]
[Black "Cordes, Hans-Joerg"]
[Result "0-1"]
[WhiteElo "1758"]
[BlackElo "2154"]
[PlyCount "70"]

1. c4 e6 2. Nc3 Nf6 3. g3 d5 4. cxd5 exd5 5. Bg2 Be7 6. e3 O-O 7. Nge2 c6 8.
Qc2 Na6 9. a3 g6 10. b4 Bf5 11. Qb3 Qd7 12. O-O Bh3 13. Bb2 Rad8 14. Rac1 Rfe8
15. Nf4 Bxg2 16. Kxg2 h5 17. h4 Nh7 18. Qc2 Bf6 19. Nce2 Nc7 20. Rh1 Ra8 21.
Rb1 Nb5 22. a4 Nd6 23. Nd4 Nc4 24. Bc1 Rac8 25. Nb3 b6 26. a5 Be5 27. Nxg6 fxg6
28. Qxg6+ Qg7 29. Qxh5 Re6 30. Qe2 Rg6 31. Rh3 Bd6 32. d3 Ne5 33. Bb2 Qd7 34.
Qh5 Qf7 35. Bxe5 Rxg3+ 0-1

[Event "HZ Chess Tournament 2022"]
[Site "Vlissingen, Netherlands"]
[Date "2022.08.06"]
[Round "1.42"]
[White "Boelhouwer, Collin"]
[Black "De Feijter, Niels"]
[Result "1-0"]
[WhiteElo "2151"]
[BlackElo "1756"]
[PlyCount "35"]

1. e4 c6 2. Nc3 d5 3. Nf3 dxe4 4. Nxe4 Bf5 5. Ng3 Bg6 6. h4 h6 7. Ne5 Bh7 8.
Qh5 g6 9. Bc4 Bg7 10. Bxf7+ Kf8 11. Nxg6+ Bxg6 12. Qxg6 Qd4 13. Nh5 Qe5+ 14.
Kf1 e6 15. f4 Qb5+ 16. d3 Bxb2 17. Bxe6 Ke7 18. Rb1 1-0

[Event "HZ Chess Tournament 2022"]
[Site "Vlissingen, Netherlands"]
[Date "2022.08.06"]
[Round "1.43"]
[White "Verhoef, Harry"]
[Black "Matsumura, Cocoro"]
[Result "1-0"]
[WhiteElo "1752"]
[BlackElo "2148"]
[PlyCount "58"]

1. e4 c5 2. c4 Nc6 3. Nc3 g6 4. Nge2 Bg7 5. d3 d6 6. Be3 Nd4 7. Qd2 e6 8. Ng3
Ne7 9. h4 h5 10. Be2 Bd7 11. Bd1 a6 12. Rb1 Nec6 13. Ba4 b5 14. Bd1 Ne5 15. b3
O-O 16. Bg5 Qa5 17. Rc1 Nec6 18. Bh6 Ne5 19. Bxg7 Kxg7 20. Bxh5 f5 21. f4 Nec6
22. Bd1 e5 23. h5 fxe4 24. hxg6 e3 25. Nh5+ Kg8 26. Qb2 exf4 27. Bf3 Ne5 28.
Bd5+ Be6 29. Bxa8 Nxd3+ 1-0

[Event "HZ Chess Tournament 2022"]
[Site "Vlissingen, Netherlands"]
[Date "2022.08.06"]
[Round "1.44"]
[White "Jeanne, Mickael"]
[Black "Freer, Rob"]
[Result "1-0"]
[WhiteElo "2145"]
[BlackElo "1745"]
[PlyCount "59"]

1. Nf3 d5 2. d4 Nf6 3. g3 e6 4. Bg2 Nbd7 5. O-O Bd6 6. c4 b6 7. Nc3 c6 8. Nd2
Bb7 9. e4 dxe4 10. Ndxe4 Bc7 11. b3 h6 12. Ba3 Nxe4 13. Nxe4 Nf6 14. Re1 Nxe4
15. Bxe4 Bd6 16. Bb2 O-O 17. Qf3 Rc8 18. Rad1 Qe7 19. Bb1 c5 20. d5 e5 21. Bxe5
Bxe5 22. Qf5 g6 23. Rxe5 Qd6 24. Qe4 Qf6 25. Re1 Rcd8 26. Qe3 Kg7 27. Re7 Rb8
28. h4 h5 29. Qd2 a6 30. R1e6 1-0

[Event "HZ Chess Tournament 2022"]
[Site "Vlissingen, Netherlands"]
[Date "2022.08.06"]
[Round "1.45"]
[White "Cortenbach, Stan"]
[Black "Kools, Thomas"]
[Result "1-0"]
[WhiteElo "1743"]
[BlackElo "2135"]
[PlyCount "95"]

1. e4 c5 2. Be2 e6 3. d3 d5 4. f4 Nc6 5. Nf3 Nf6 6. e5 Nd7 7. c4 Be7 8. Nc3 Nb6
9. O-O a6 10. b3 f5 11. Qe1 O-O 12. Kh1 d4 13. Nd1 Nd7 14. Nf2 Nb4 15. Bd1 b5
16. a3 Nc6 17. Nh3 h6 18. Rg1 Bb7 19. Nd2 Rb8 20. Bf3 Kh7 21. g4 g6 22. Qe2 Rg8
23. Bb2 Qc7 24. Rg2 Na5 25. Rag1 bxc4 26. bxc4 Bc6 27. Bc1 Qb7 28. gxf5 gxf5
29. Bxc6 Qxc6 30. Qh5 Rg7 31. Nf3 Rbg8 32. Nhg5+ Bxg5 33. Nxg5+ Rxg5 34. fxg5
Rg6 35. Bf4 Nf8 36. h4 Nb3 37. Kh2 Qe8 38. Qd1 Na5 39. h5 Rg8 40. gxh6 Rxg2+
41. Rxg2 Nc6 42. Qf3 Ne7 43. Qh3 Nc6 44. Qh4 Nd7 45. Rg7+ Kh8 46. Qg5 Ndxe5 47.
Rh7+ Kxh7 48. Qg7# 1-0

[Event "HZ Chess Tournament 2022"]
[Site "Vlissingen, Netherlands"]
[Date "2022.08.06"]
[Round "1.46"]
[White "Van der Hagen, Loek"]
[Black "De Meester, Johan"]
[Result "1-0"]
[WhiteElo "2135"]
[BlackElo "1742"]
[PlyCount "69"]

1. e4 d5 2. exd5 Qxd5 3. d4 c6 4. Nc3 Qa5 5. Nf3 Bg4 6. h3 Bxf3 7. Qxf3 e6 8.
Be2 Nf6 9. O-O Bd6 10. Ne4 Nxe4 11. Qxe4 Nd7 12. Bf3 Nf6 13. Qe2 O-O 14. Rd1
Rad8 15. a3 Rfe8 16. Bd2 Qc7 17. Bg5 Be7 18. c4 h6 19. Be3 Bd6 20. g3 a6 21.
Qc2 e5 22. c5 Bf8 23. dxe5 Qxe5 24. b4 Nd5 25. Bxd5 Rxd5 26. Rxd5 Qxa1+ 27. Rd1
Qxa3 28. Qc4 a5 29. bxa5 Rxe3 30. fxe3 Qxe3+ 31. Kg2 Bxc5 32. Rf1 Qd2+ 33. Kh1
Qd5+ 34. Qxd5 cxd5 35. Rb1 1-0

[Event "HZ Chess Tournament 2022"]
[Site "Vlissingen, Netherlands"]
[Date "2022.08.06"]
[Round "1.47"]
[White "Koes, Richard"]
[Black "Krause, Thomas"]
[Result "1-0"]
[WhiteElo "1727"]
[BlackElo "2129"]
[PlyCount "105"]

1. e4 g6 2. d4 Bg7 3. f4 d5 4. e5 Nh6 5. Bd3 c5 6. c3 cxd4 7. cxd4 Nc6 8. Nf3
O-O 9. Nc3 Bg4 10. Be3 f6 11. Qb3 Bxf3 12. gxf3 fxe5 13. Qxd5+ Qxd5 14. Nxd5
exd4 15. Bd2 Rac8 16. Kf2 e6 17. Nb4 Nf5 18. Rac1 Bh6 19. Bc4 Rfe8 20. Nd3 Kh8
21. Nc5 Nd8 22. Ne4 Rf8 23. Ng5 Bxg5 24. fxg5 Re8 25. Rhe1 Kg7 26. Bb3 Rxc1 27.
Rxc1 Nc6 28. f4 e5 29. fxe5 Rxe5 30. Bf4 Re7 31. Bd5 Nb4 32. Bc4 Nc6 33. Bd2
Ne5 34. Bf1 Ng4+ 35. Kg1 Nge3 36. Bd3 h6 37. gxh6+ Kxh6 38. Rc8 Kg5 39. Bb4 Re6
40. Rc7 Rb6 41. Ba3 Kf4 42. b3 Ke5 43. Bc5 Rf6 44. Rxb7 Nh4 45. Bxa7 Nf3+ 46.
Kh1 Rc6 47. Rb5+ Kf4 48. Rc5 Re6 49. Bb8+ Kg4 50. Be2 Nf5 51. Re5 Rc6 52. Re4+
Kg5 53. Bf4+ 1-0

[Event "HZ Chess Tournament 2022"]
[Site "Vlissingen, Netherlands"]
[Date "2022.08.06"]
[Round "1.48"]
[White "Casteleijn, Diederick"]
[Black "Van Sonderen, Paul"]
[Result "1-0"]
[WhiteElo "2120"]
[BlackElo "1720"]
[PlyCount "95"]

1. e4 e5 2. Nf3 Nc6 3. Bc4 Nf6 4. d3 Be7 5. c3 O-O 6. Bb3 d5 7. Qe2 Bg4 8. Bg5
d4 9. Nbd2 h6 10. Bh4 Nh5 11. Bg3 dxc3 12. bxc3 Bg5 13. Nc4 Bf4 14. Rb1 b5 15.
Ne3 Bxf3 16. gxf3 b4 17. Bd5 Qf6 18. Bxc6 Qxc6 19. Nd5 Rae8 20. Rxb4 Nf6 21.
Rc4 Qb7 22. Nxf6+ gxf6 23. O-O Kh7 24. Bxf4 exf4 25. Qd2 Rg8+ 26. Kh1 Re5 27.
Qxf4 Qc8 28. Qh4 Reg5 29. f4 R5g6 30. f5 Rg5 31. f4 R5g7 32. Rc6 Qf8 33. Qxf6
Rg4 34. Rxc7 R8g7 35. Rc6 Qb8 36. Qxh6+ Kg8 37. Qh3 f6 38. Rxf6 Qxf4 39. Rf8+
Kxf8 40. Qh8+ Rg8 41. Qf6+ Ke8 42. Qe6+ Kf8 43. Qc8+ Kf7 44. Qb7+ Kf8 45. Qa8+
Kf7 46. Qxa7+ Kf8 47. Rxf4 Rxf4 48. Qb8+ 1-0

[Event "HZ Chess Tournament 2022"]
[Site "Vlissingen, Netherlands"]
[Date "2022.08.06"]
[Round "1.49"]
[White "Vermue, Albert"]
[Black "Koffeman, Timo"]
[Result "0-1"]
[WhiteElo "1716"]
[BlackElo "2119"]
[PlyCount "82"]

1. e4 c5 2. d4 cxd4 3. c3 d3 4. Bxd3 Nc6 5. Nf3 d6 6. c4 g6 7. Bd2 Bg7 8. Bc3
Bxc3+ 9. Nxc3 Nf6 10. O-O O-O 11. Nd5 e6 12. Nxf6+ Qxf6 13. Qd2 e5 14. b4 b6
15. Rfc1 Bg4 16. Ne1 a5 17. a3 Nd4 18. Rab1 a4 19. Qe3 Rfc8 20. Nc2 Nb3 21. Re1
Rab8 22. f3 Be6 23. Qe2 Qg5 24. Qe3 Qf6 25. Qe2 Rc7 26. Ne3 Rbc8 27. Nd5 Bxd5
28. cxd5 Nd4 29. Qe3 Rc3 30. Qd2 Rxa3 31. Rec1 Rxc1+ 32. Rxc1 Kg7 33. Rc8 Qh4
34. Bf1 Rxf3 35. Rc1 Qxe4 36. Re1 Qf5 37. Qa2 Rb3 38. Qxa4 Rb2 39. Qa1 Qf2+ 40.
Kh1 Nf3 41. Be2 Nxe1 0-1

[Event "HZ Chess Tournament 2022"]
[Site "Vlissingen, Netherlands"]
[Date "2022.08.06"]
[Round "1.51"]
[White "Norden, Marc"]
[Black "Lohr, Mximilian"]
[Result "1/2-1/2"]
[WhiteElo "1715"]
[BlackElo "2112"]
[PlyCount "90"]

1. d4 d5 2. c4 e6 3. Nc3 c6 4. cxd5 exd5 5. Qc2 Nf6 6. Bg5 Be7 7. e3 h6 8. Bh4
O-O 9. Nf3 Nbd7 10. Bd3 Re8 11. O-O Ne4 12. Bxe7 Qxe7 13. Nd2 Ndf6 14. Ndxe4
dxe4 15. Bc4 c5 16. Rfd1 cxd4 17. Rxd4 Qe5 18. Be2 Bd7 19. Rad1 Bc6 20. h3 Rac8
21. Qb3 a6 22. Bc4 Rc7 23. Rd8 b5 24. Rxe8+ Qxe8 25. Be2 Rd7 26. Rxd7 Qxd7 27.
Qd1 b4 28. Qxd7 Nxd7 29. Nd1 a5 30. b3 Nc5 31. Nb2 a4 32. bxa4 Nxa4 33. Nxa4
Bxa4 34. Bc4 Kf8 35. Kf1 Ke7 36. Ke2 Bc6 37. Kd2 f6 38. Kc2 Kd6 39. Kb3 Kc5 40.
Bf7 Bb5 41. Bg6 Bc4+ 42. Kb2 Bd5 43. Bh5 g5 44. g3 Be6 45. h4 gxh4 1/2-1/2

[Event "HZ Chess Tournament 2022"]
[Site "Vlissingen, Netherlands"]
[Date "2022.08.06"]
[Round "1.50"]
[White "Bakker, Jouke"]
[Black "Kempfer, Justus"]
[Result "1-0"]
[WhiteElo "2113"]
[BlackElo "1715"]
[PlyCount "71"]

1. e4 d5 2. exd5 Qxd5 3. Nc3 Qa5 4. Bc4 Nf6 5. d4 Bg4 6. Nge2 Nc6 7. O-O O-O-O
8. Qe1 e6 9. Be3 Bb4 10. f3 Bf5 11. Bb3 Nd5 12. Bf2 g5 13. a3 Be7 14. Nxd5 exd5
15. Ng3 Bg6 16. Rc1 Qxe1 17. Rfxe1 Bf6 18. c3 Na5 19. Ba2 Nc4 20. Bxc4 dxc4 21.
Ne4 Bg7 22. Nxg5 Bh6 23. f4 Bxg5 24. fxg5 Rd5 25. Re7 Rhd8 26. h4 R8d7 27. Rce1
Rxe7 28. Rxe7 Kd8 29. Re2 Bd3 30. Rd2 a6 31. g4 Be4 32. Bg3 c5 33. Be5 cxd4 34.
Bxd4 Kd7 35. Rf2 Ke8 36. Re2 1-0